[Event "Abe Yanofsky mem."]
[Site "Winnipeg CAN"]
[Date "2004.09.06"]
[Round "5"]
[White "Anderson, George"]
[Black "Podmoroff, Yuri"]
[Result "0-1"]
[WhiteElo "1466"]
[BlackElo "1303"]
[PlyCount "68"]
[GameId "2160767911069495"]
[EventDate "2004.09.04"]
[EventType "swiss"]
[EventRounds "6"]
[EventCountry "CAN"]

1. e4 e5 2. Nf3 Nc6 3. d4 Bd6 4. c3 h6 5. Bc4 Nf6 6. d5 Ne7 7. Nbd2 O-O 8. O-O c6 9. Nh4 Kh8 10. Nf5 cxd5 11. exd5 Nxf5 12. Qf3 Nh4 13. Qh3 Ng6 14. Nf3 Kg8 15. Bd3 Nf4 16. Bxf4 exf4 17. c4 Be7 18. Qf5 d6 19. Qxf4 Nh5 20. Qe4 f5 21. Qe2 Nf4 22. Qc2 Nxd3 23. Qxd3 Kh8 24. b4 b6 25. Rfe1 Re8 26. Nd4 Bf6 27. Rxe8+ Qxe8 28. Nxf5 Bxf5 29. Qxf5 Qe2 30. Qe6 Qxc4 31. Qxd6 Rd8 32. Qg3 Qxd5 33. Qc7 Qxa2 34. Qxa7 Qxa7 0-1

[Event "Abe Yanofsky mem."]
[Site "Winnipeg CAN"]
[Date "2004.09.06"]
[Round "5"]
[White "Baragar, Fletcher"]
[Black "Boron, Anthony"]
[Result "1-0"]
[WhiteElo "2253"]
[BlackElo "1984"]
[PlyCount "47"]
[GameId "2160767911069496"]
[EventDate "2004.09.04"]
[EventType "swiss"]
[EventRounds "6"]
[EventCountry "CAN"]

1. d4 Nf6 2. c4 c5 3. d5 b5 4. cxb5 a6 5. bxa6 Bxa6 6. Nc3 g6 7. Nf3 Bg7 8. e4 Bxf1 9. Kxf1 d6 10. g3 O-O 11. Kg2 Qb6 12. Re1 Nfd7 13. Re2 Na6 14. Bf4 c4 15. Qa4 Qc7 16. Qc6 Ndc5 17. e5 Qxc6 18. dxc6 Nd3 19. Nd5 dxe5 20. Nxe7+ Kh8 21. Nxe5 Nac5 22. Nxc4 Ne6 23. Bd6 Rfe8 24. Rd1 1-0

[Event "Abe Yanofsky mem."]
[Site "Winnipeg CAN"]
[Date "2004.09.06"]
[Round "5"]
[White "Cleto, Sam"]
[Black "MacPherson, Al"]
[Result "1-0"]
[WhiteElo "1873"]
[BlackElo "1654"]
[PlyCount "78"]
[GameId "2160767911069497"]
[EventDate "2004.09.04"]
[EventType "swiss"]
[EventRounds "6"]
[EventCountry "CAN"]

1. b3 c5 2. Nf3 d5 3. Bb2 Nc6 4. e3 Bg4 5. Be2 Bxf3 6. Bxf3 e5 7. d3 Nf6 8. Nd2 Be7 9. O-O O-O 10. c4 d4 11. Ne4 Qd7 12. Qe2 a6 13. Ba3 Nxe4 14. Bxe4 b5 15. Bxc6 Qxc6 16. exd4 b4 17. d5 Qd7 18. Bb2 f6 19. f4 Rfe8 20. Qf2 exf4 21. Qxf4 Bd6 22. Qf3 Qc7 23. h3 Bh2+ 24. Kh1 Qg3 25. d4 Qxf3 26. Rxf3 Bd6 27. Rf2 Re3 28. Rd1 Rae8 29. dxc5 Bxc5 30. Rfd2 Re1+ 31. Rxe1 Rxe1+ 32. Kh2 Bg1+ 33. Kg3 Re3+ 34. Kf4 Re1 35. Bd4 g5+ 36. Kf5 Kf7 37. Bxg1 Rxg1 38. d6 h5 39. d7 Re1 1-0

[Event "Abe Yanofsky mem."]
[Site "Winnipeg CAN"]
[Date "2004.09.06"]
[Round "5"]
[White "Costales, Servillano"]
[Black "Nikouline, Alexandre"]
[Result "0-1"]
[WhiteElo "1661"]
[BlackElo "2000"]
[PlyCount "138"]
[GameId "2160767911069498"]
[EventDate "2004.09.04"]
[EventType "swiss"]
[EventRounds "6"]
[EventCountry "CAN"]

1. e4 c5 2. Nf3 Nc6 3. Nc3 d6 4. Be2 Nf6 5. d4 cxd4 6. Nxd4 a6 7. O-O g6 8. Be3 Bg7 9. Qd2 O-O 10. Nxc6 bxc6 11. Bh6 Qa5 12. Bxg7 Kxg7 13. a3 Be6 14. b4 Qc7 15. h3 a5 16. b5 cxb5 17. Nxb5 Qc5 18. Qd3 Rfc8 19. c3 Bc4 20. Qxc4 Qxc4 21. Bxc4 Rxc4 22. f3 Nd7 23. a4 Nb6 24. Rfc1 Nxa4 25. Nc7 Rc8 26. Nd5 Nxc3 27. Nxc3 Rxc3 28. Rxc3 Rxc3 29. Rxa5 Kf6 30. Kf2 Rc5 31. Ra6 h5 32. h4 Ke6 33. Kg3 f5 34. Kf4 fxe4 35. Kxe4 Rc4+ 36. Ke3 Rxh4 37. g3 Rb4 38. Ra3 g5 39. Ra5 Kf6 40. Rd5 Rb3+ 41. Ke2 Rb2+ 42. Ke3 Rg2 43. g4 hxg4 44. f4 Rg3+ 45. Ke4 gxf4 46. Kxf4 Rg1 47. Rf5+ Ke6 48. Rg5 g3 49. Kf3 d5 50. Ke3 g2 51. Kf3 Kd6 52. Kf2 Rf1+ 53. Kxg2 Rf6 54. Rg8 d4 55. Kg3 Kd5 56. Rd8+ Ke4 57. Rd7 e5 58. Ra7 Ke3 59. Ra3+ d3 60. Kg2 e4 61. Rb3 Ke2 62. Rb4 e3 63. Rb2+ d2 64. Ra2 Rg6+ 65. Kh2 Kf2 66. Kh3 Kf3 67. Kh4 d1=Q 68. Kh5 Qg1 69. Rf2+ exf2 0-1

[Event "Abe Yanofsky mem."]
[Site "Winnipeg CAN"]
[Date "2004.09.06"]
[Round "5"]
[White "Fastershank, Anthony"]
[Black "Tetrault, Claude"]
[Result "1/2-1/2"]
[WhiteElo "1172"]
[BlackElo "1517"]
[PlyCount "92"]
[GameId "2160767911069499"]
[EventDate "2004.09.04"]
[EventType "swiss"]
[EventRounds "6"]
[EventCountry "CAN"]

1. e4 c5 2. Nf3 d6 3. Bb5+ Bd7 4. Bxd7+ Qxd7 5. O-O Nf6 6. Nc3 Nc6 7. d3 e6 8. Re1 Be7 9. Bg5 O-O 10. Qd2 h6 11. Bh4 Rfe8 12. a4 a6 13. b3 Bd8 14. Rab1 g5 15. Bg3 Nh5 16. Ne2 Nxg3 17. Nxg3 b5 18. Rf1 Kh7 19. Ra1 Bf6 20. Ra2 Qe7 21. axb5 axb5 22. Rxa8 Rxa8 23. c3 b4 24. cxb4 cxb4 25. Ne2 Qb7 26. Rd1 d5 27. exd5 exd5 28. Rc1 Qb6 29. Qc2 Nd4 30. Nexd4 Bxd4 31. Nxd4 Qxd4 32. Rd1 Ra1 33. Qe2 Rxd1+ 34. Qxd1 f5 35. g3 Kg6 36. Kg2 h5 37. Qc2 Qc3 38. Qe2 Qc6 39. d4 g4 40. h4 gxh3+ 41. Kxh3 Qf6 42. Qe3 Qg5 43. Qe6+ Kh7 44. Qf7+ Kh6 45. Qe6+ Kh7 46. Qd7+ Kh6 1/2-1/2

[Event "Abe Yanofsky mem."]
[Site "Winnipeg CAN"]
[Date "2004.09.06"]
[Round "5"]
[White "Greenberg, Harley"]
[Black "Clark, Robert"]
[Result "1-0"]
[WhiteElo "1781"]
[BlackElo "1583"]
[PlyCount "51"]
[GameId "2160767911069500"]
[EventDate "2004.09.04"]
[EventType "swiss"]
[EventRounds "6"]
[EventCountry "CAN"]

1. d4 d5 2. c4 c6 3. Nf3 Nf6 4. Nc3 e6 5. Qc2 Bd6 6. a3 Nbd7 7. e4 dxe4 8. Nxe4 Nxe4 9. Qxe4 Nf6 10. Qc2 c5 11. dxc5 Bxc5 12. b4 Be7 13. Bd3 b6 14. Bb2 h6 15. Rd1 Qc7 16. O-O Bb7 17. Ne5 Bd6 18. f4 g5 19. Bg6 Rf8 20. Nxf7 Rxf7 21. fxg5 Bxh2+ 22. Kh1 Qg3 23. Bxf7+ Kf8 24. Rxf6 Qh4 25. Bxe6+ Ke7 26. Qh7+ 1-0

[Event "Abe Yanofsky mem."]
[Site "Winnipeg CAN"]
[Date "2004.09.06"]
[Round "5"]
[White "Hinds, Ronald"]
[Black "Cowdrey, Eric"]
[Result "1-0"]
[WhiteElo "1953"]
[BlackElo "1751"]
[PlyCount "69"]
[GameId "2160767911069501"]
[EventDate "2004.09.04"]
[EventType "swiss"]
[EventRounds "6"]
[EventCountry "CAN"]

1. e4 c6 2. d4 d5 3. exd5 cxd5 4. c4 e6 5. Nf3 Nf6 6. Nc3 Be7 7. Bg5 O-O 8. c5 Nc6 9. Bb5 Bd7 10. O-O a6 11. Bxc6 Bxc6 12. Ne5 Be8 13. Re1 b6 14. b4 a5 15. a3 Rb8 16. Na4 bxc5 17. bxc5 Ne4 18. Bxe7 Qxe7 19. f3 Nf6 20. Nb6 Qa7 21. Rb1 g6 22. Re2 Kg7 23. Reb2 Ng8 24. c6 f6 25. Ned7 Bxd7 26. Nxd7 Rxb2 27. Rxb2 Rf7 28. Nc5 e5 29. Rb7 Rxb7 30. cxb7 Ne7 31. Qb3 Nc6 32. Qxd5 Nxd4 33. Qd7+ Kh6 34. Qc7 Ne6 35. Qd6 1-0

[Event "Abe Yanofsky mem."]
[Site "Winnipeg CAN"]
[Date "2004.09.06"]
[Round "5"]
[White "Hughey, Micah"]
[Black "Zhou, Lu"]
[Result "1-0"]
[WhiteElo "2012"]
[BlackElo "1807"]
[PlyCount "77"]
[GameId "2160767911069502"]
[EventDate "2004.09.04"]
[EventType "swiss"]
[EventRounds "6"]
[EventCountry "CAN"]

1. e4 e5 2. Nf3 Nc6 3. Bc4 Nf6 4. Ng5 d5 5. exd5 Na5 6. Bb5+ c6 7. dxc6 bxc6 8. Be2 h6 9. Nf3 e4 10. Ne5 Bd6 11. d4 exd3 12. Nxd3 Qc7 13. b3 O-O 14. Bb2 Nd5 15. Nd2 Re8 16. Nf3 Qe7 17. Kf1 Bg4 18. h3 Bh5 19. Nd4 Bg6 20. Bf3 Be4 21. Bxe4 Qxe4 22. Qe1 Qxe1+ 23. Rxe1 g6 24. g3 a6 25. Kg2 c5 26. c4 Nc7 27. Nc2 Nc6 28. Rxe8+ Rxe8 29. Re1 Ne6 30. Ne5 Ned4 31. Nxc6 Rxe1 32. Nxe1 Nxc6 33. Kf3 f5 34. Nd3 Kf7 35. Ke3 Ke6 36. Ba3 Nb4 37. Bxb4 cxb4 38. Kd4 a5 39. Nc5+ 1-0

[Event "Abe Yanofsky mem."]
[Site "Winnipeg CAN"]
[Date "2004.09.06"]
[Round "5"]
[White "Kaptsan, Aron"]
[Black "Schulz, Waldemar"]
[Result "1/2-1/2"]
[WhiteElo "1909"]
[BlackElo "2122"]
[PlyCount "45"]
[GameId "2160767911069503"]
[EventDate "2004.09.04"]
[EventType "swiss"]
[EventRounds "6"]
[EventCountry "CAN"]

1. d4 d5 2. Nf3 Nf6 3. e3 c6 4. Bd3 Nbd7 5. O-O Qc7 6. Nbd2 g6 7. c3 Bg7 8. e4 dxe4 9. Nxe4 Nxe4 10. Bxe4 Nf6 11. Bc2 O-O 12. Re1 Re8 13. Bb3 Bg4 14. h3 Bxf3 15. Qxf3 Rad8 16. Bf4 Qc8 17. Be5 Qf5 18. Qxf5 gxf5 19. Re2 Nd5 20. Bxg7 Kxg7 21. g3 e6 22. Rae1 Nf6 23. Bc2 1/2-1/2

[Event "Abe Yanofsky mem."]
[Site "Winnipeg CAN"]
[Date "2004.09.06"]
[Round "5"]
[White "Lauritson, Jim"]
[Black "Booth, Kevin"]
[Result "1-0"]
[WhiteElo "1932"]
[BlackElo "1194"]
[PlyCount "43"]
[GameId "2160767911069505"]
[EventDate "2004.09.04"]
[EventType "swiss"]
[EventRounds "6"]
[EventCountry "CAN"]

1. e4 e6 2. d3 g6 3. g3 Bg7 4. Bg2 Ne7 5. Nf3 O-O 6. O-O Nbc6 7. d4 d5 8. e5 f6 9. exf6 Bxf6 10. Bh6 Bg7 11. Bxg7 Kxg7 12. Nc3 Nf5 13. Ne2 Re8 14. Nf4 b6 15. c3 Bb7 16. Re1 Qd7 17. Qe2 Bc8 18. Nxd5 a5 19. Nf4 Ba6 20. Qe4 Nd6 21. Ne5 Nxe5 22. Qxe5+ 1-0

[Event "Abe Yanofsky mem."]
[Site "Winnipeg CAN"]
[Date "2004.09.06"]
[Round "5"]
[White "Melamedoff, Gustavo"]
[Black "Klokow, John"]
[Result "1-0"]
[WhiteElo "2044"]
[BlackElo "1732"]
[PlyCount "70"]
[GameId "2160767911069506"]
[EventDate "2004.09.04"]
[EventType "swiss"]
[EventRounds "6"]
[EventCountry "CAN"]

1. e4 e5 2. Nf3 Nc6 3. Bb5 Nf6 4. d3 Bc5 5. O-O d6 6. c3 O-O 7. h3 h6 8. d4 exd4 9. cxd4 Bb6 10. Nc3 Bd7 11. Be3 Re8 12. Bd3 Ne7 13. Qc2 Bc6 14. Rad1 Kh8 15. Nh2 Neg8 16. f4 Nxe4 17. Nxe4 Qe7 18. Bf2 Bxe4 19. Rde1 Bxd3 20. Qxd3 Qd7 21. Ng4 Rxe1 22. Rxe1 Re8 23. f5 h5 24. Ne3 Nf6 25. Bh4 Ne4 26. Nd5 c6 27. Nxb6 axb6 28. Qf3 g6 29. Qf4 Kg7 30. g4 hxg4 31. hxg4 d5 32. fxg6 fxg6 33. Bf6+ Kg8 34. Be5 b5 35. Kg2 Rxe5 1-0

[Event "Abe Yanofsky mem."]
[Site "Winnipeg CAN"]
[Date "2004.09.06"]
[Round "5"]
[White "Milord, Frank"]
[Black "Geley, Shawn"]
[Result "0-1"]
[WhiteElo "1541"]
[BlackElo "1506"]
[PlyCount "40"]
[GameId "2160767911069507"]
[EventDate "2004.09.04"]
[EventType "swiss"]
[EventRounds "6"]
[EventCountry "CAN"]

1. e4 e5 2. Nf3 Nc6 3. Bb5 a6 4. Ba4 Nf6 5. O-O b5 6. Bb3 Be7 7. Re1 O-O 8. c3 d5 9. exd5 Nxd5 10. Nxe5 Nxe5 11. Rxe5 c6 12. d4 Bd6 13. Re1 Qh4 14. g3 Qh3 15. Qd3 Bg4 16. Bxd5 cxd5 17. Be3 Rae8 18. Nd2 Re6 19. a4 b4 20. Qxa6 Bxg3 0-1

[Event "Abe Yanofsky mem."]
[Site "Winnipeg CAN"]
[Date "2004.09.06"]
[Round "5"]
[White "Pierre, Rolland"]
[Black "Katona, John"]
[Result "0-1"]
[WhiteElo "1478"]
[BlackElo "1792"]
[PlyCount "51"]
[GameId "2160767911069508"]
[EventDate "2004.09.04"]
[EventType "swiss"]
[EventRounds "6"]
[EventCountry "CAN"]

1. e4 c5 2. Nf3 d6 3. Be2 Nc6 4. c3 Nf6 5. Qc2 g6 6. a3 Bg7 7. O-O O-O 8. d4 cxd4 9. cxd4 Bg4 10. Be3 Rc8 11. Nc3 a6 12. Qd2 Na5 13. Qd1 Nd7 14. h3 Bxf3 15. Bxf3 Nc4 16. Qb3 Ndb6 17. Rad1 Nxe3 18. fxe3 Nc4 19. Rd3 b5 20. Be2 e6 21. Nd1 Qb6 22. Nf2 Rc7 23. Ng4 Rfc8 24. Nf6+ Kh8 25. Bg4 Na5 26. Qd1 0-1

[Event "Abe Yanofsky mem."]
[Site "Winnipeg CAN"]
[Date "2004.09.06"]
[Round "5"]
[White "Silva, T Romero"]
[Black "Bist, Jordan"]
[Result "1-0"]
[WhiteElo "1621"]
[BlackElo "1154"]
[PlyCount "47"]
[GameId "2160767911069510"]
[EventDate "2004.09.04"]
[EventType "swiss"]
[EventRounds "6"]
[EventCountry "CAN"]

1. d4 d5 2. c4 e6 3. Nf3 g6 4. Nc3 a6 5. cxd5 exd5 6. g3 Bg7 7. Bg2 Ne7 8. O-O b6 9. Re1 O-O 10. Bg5 c5 11. Qd2 Qd7 12. dxc5 bxc5 13. Bxe7 Bxc3 14. bxc3 Qxe7 15. Qxd5 Rd8 16. Qxa8 Bb7 17. Qa7 Nd7 18. Qxb7 Rb8 19. Qxa6 Rb6 20. Qd3 Rd6 21. Qc4 Rc6 22. Rad1 Nb6 23. Qh4 Qxh4 24. Nxh4 1-0

[Event "Abe Yanofsky mem."]
[Site "Winnipeg CAN"]
[Date "2004.09.06"]
[Round "5"]
[White "Still, Graham"]
[Black "Tetrault, Charles"]
[Result "1-0"]
[WhiteElo "1328"]
[BlackElo "1550"]
[PlyCount "67"]
[GameId "2160767911069511"]
[EventDate "2004.09.04"]
[EventType "swiss"]
[EventRounds "6"]
[EventCountry "CAN"]

1. c4 e5 2. Nc3 g6 3. g3 Bg7 4. Bg2 f5 5. d3 Nc6 6. Nf3 Nf6 7. Bg5 d6 8. Qc1 Be6 9. Nd2 h6 10. Bxf6 Qxf6 11. Nd5 Bxd5 12. cxd5 Nd4 13. Qxc7 O-O 14. Rc1 f4 15. Nf3 fxg3 16. hxg3 Rf7 17. Qc4 Raf8 18. b3 g5 19. Rf1 Nf5 20. Bh3 h5 21. g4 e4 22. dxe4 b5 23. Qd3 Nh6 24. Rg1 Qf4 25. Qd2 hxg4 26. Qxf4 Rxf4 27. Nxg5 gxh3 28. Ne6 R8f7 29. Nxf4 Rxf4 30. Rc8+ Kh7 31. Rc7 h2 32. Rgxg7+ Kh8 33. Rh7+ Kg8 34. Rxh6 1-0

[Event "Abe Yanofsky mem."]
[Site "Winnipeg CAN"]
[Date "2004.09.06"]
[Round "5"]
[White "Tang, Edward"]
[Black "Lipnowski, Samuel"]
[Result "0-1"]
[WhiteElo "1941"]
[BlackElo "2126"]
[PlyCount "63"]
[GameId "2160767911069512"]
[EventDate "2004.09.04"]
[EventType "swiss"]
[EventRounds "6"]
[EventCountry "CAN"]

1. e4 c5 2. Nf3 e6 3. d4 cxd4 4. Nxd4 a6 5. Nc3 b5 6. Bd3 d6 7. O-O Nf6 8. Kh1 Be7 9. f4 Qc7 10. Qe1 Nbd7 11. a3 O-O 12. Qg3 Bb7 13. Bd2 Nc5 14. Rae1 Nxd3 15. cxd3 g6 16. f5 e5 17. Nf3 Nh5 18. Qg4 Qd7 19. Ng5 Rad8 20. Ne6 fxe6 21. fxg6 Nf4 22. gxh7+ Kxh7 23. Rf3 Rf6 24. Rg3 Rg6 25. Qf3 Rf8 26. Bxf4 Rxf4 27. Qe3 Qe8 28. Rxg6 Qxg6 29. Qa7 Qf7 30. Ne2 Rf2 31. Ng3 Bf8 32. Nf5 0-1

[Event "Abe Yanofsky mem."]
[Site "Winnipeg CAN"]
[Date "2004.09.06"]
[Round "5"]
[White "Tyomkin, Dimitri"]
[Black "Spraggett, Kevin"]
[Result "1/2-1/2"]
[WhiteElo "2498"]
[BlackElo "2584"]
[PlyCount "41"]
[GameId "2160767911069513"]
[EventDate "2004.09.04"]
[EventType "swiss"]
[EventRounds "6"]
[EventCountry "CAN"]
[SourceTitle "CBM 102 Extra"]
[Source "ChessBase"]
[SourceDate "2004.11.03"]
[SourceVersion "1"]
[SourceVersionDate "2004.11.03"]
[SourceQuality "1"]

1. d4 d5 2. c4 e6 3. Nc3 Be7 4. Nf3 Nf6 5. cxd5 exd5 6. Bg5 c6 7. Qc2 Nbd7 8. e3 Nf8 9. Bd3 Ne6 10. Bxf6 Bxf6 11. O-O g6 12. Rab1 O-O 13. b4 a6 14. Rfc1 Qd6 15. Na4 b5 16. Nc5 Nxc5 17. Qxc5 Qxc5 18. bxc5 a5 19. a4 b4 20. Nd2 Be6 21. g3 1/2-1/2

[Event "Abe Yanofsky mem."]
[Site "Winnipeg CAN"]
[Date "2004.09.06"]
[Round "5"]
[White "Vincent, Trevor"]
[Black "Jarmasz, Mark"]
[Result "1-0"]
[WhiteElo "2023"]
[BlackElo "1915"]
[PlyCount "71"]
[GameId "2160767911069514"]
[EventDate "2004.09.04"]
[EventType "swiss"]
[EventRounds "6"]
[EventCountry "CAN"]

1. c4 c5 2. g3 g6 3. Bg2 Bg7 4. Nc3 Nc6 5. a3 Nf6 6. Rb1 Rb8 7. b4 cxb4 8. axb4 b6 9. e4 O-O 10. Nge2 e5 11. O-O Qe7 12. Qa4 Nd4 13. d3 Nxe2+ 14. Nxe2 a6 15. Nc3 d6 16. h3 Qd7 17. Qa2 Bb7 18. Be3 b5 19. Rfc1 Rfc8 20. Nd5 Nxd5 21. exd5 bxc4 22. dxc4 Rd8 23. Rd1 Bf8 24. c5 Bc8 25. Rdc1 f5 26. c6 Qc7 27. Bf1 f4 28. gxf4 exf4 29. Bxf4 Bf5 30. Qxa6 Bxb1 31. Rxb1 Bg7 32. Qd3 Re8 33. Be2 Re7 34. b5 Rf7 35. Be3 Rb6 36. Bg4 1-0

[Event "Abe Yanofsky mem."]
[Site "Winnipeg CAN"]
[Date "2004.09.06"]
[Round "5"]
[White "Wang, Yijia"]
[Black "Liebzeit, Mick"]
[Result "0-1"]
[WhiteElo "1222"]
[BlackElo "1353"]
[PlyCount "100"]
[GameId "2160767911069515"]
[EventDate "2004.09.04"]
[EventType "swiss"]
[EventRounds "6"]
[EventCountry "CAN"]

1. e4 c5 2. Nf3 Nc6 3. d4 cxd4 4. Nxd4 g6 5. Nc3 Bg7 6. Be3 Nf6 7. Bc4 O-O 8. Qd2 Ng4 9. h3 Nxe3 10. Qxe3 Nxd4 11. O-O-O d5 12. Bxd5 e5 13. f4 Qh4 14. g3 exf4 15. gxf4 Be6 16. Bxb7 Rab8 17. Ba6 Rb6 18. Bf1 Rfb8 19. b3 Qe7 20. Kb2 Nb5 21. e5 Qa3+ 22. Kb1 Nxc3+ 23. Qxc3 Bf5 24. Bd3 Bxd3 25. Rxd3 Ra6 26. Qb2 Qxb2+ 27. Kxb2 Rb4 28. Re1 Rxf4 29. Rd8+ Bf8 30. Red1 Kg7 31. Re8 Re6 32. Rxe6 fxe6 33. Rd7+ Rf7 34. Rd3 Bc5 35. a3 Rf5 36. b4 Bb6 37. c4 Rxe5 38. c5 Bxc5 39. bxc5 Rxc5 40. Rd7+ Kh6 41. Rxa7 Rb5+ 42. Ka2 Rh5 43. Re7 Rxh3 44. Rxe6 Kg5 45. a4 h5 46. a5 Rf3 47. Rb6 h4 48. a6 Rf8 49. a7 Ra8 50. Rb5+ Kh6 0-1

[Event "Abe Yanofsky mem."]
[Site "Winnipeg CAN"]
[Date "2004.09.06"]
[Round "5"]
[White "Zaczek, Jonathon"]
[Black "Baglien, Brandon"]
[Result "1-0"]
[WhiteElo "1891"]
[BlackElo "1644"]
[PlyCount "63"]
[GameId "2160767911069516"]
[EventDate "2004.09.04"]
[EventType "swiss"]
[EventRounds "6"]
[EventCountry "CAN"]

1. e4 c5 2. Nf3 d6 3. d4 cxd4 4. Nxd4 Nf6 5. Nc3 g6 6. Be3 Bg7 7. f3 O-O 8. Qd2 Nc6 9. Bc4 Bd7 10. O-O-O Rc8 11. Bb3 Ne5 12. h4 Nc4 13. Bxc4 Rxc4 14. g4 Qa5 15. Nb3 Qc7 16. e5 Nxg4 17. Nd5 Nxe3 18. Nxc7 Rxc2+ 19. Qxc2 Nxc2 20. Kxc2 Rc8 21. exd6 exd6 22. Rxd6 Rxc7+ 23. Kb1 Bf5+ 24. Ka1 h5 25. Rc1 Re7 26. Nd4 Bd3 27. a3 Re3 28. Rc3 a5 29. Nc2 Re2 30. Rc8+ Kh7 31. Rxd3 Rh2 32. Rd7 1-0

[Event "Abe Yanofsky mem."]
[Site "Winnipeg CAN"]
[Date "2004.09.06"]
[Round "6"]
[White "Anderson, George"]
[Black "Fastershank, Anthony"]
[Result "1-0"]
[WhiteElo "1466"]
[BlackElo "1172"]
[PlyCount "87"]
[GameId "2160767911069517"]
[EventDate "2004.09.04"]
[EventType "swiss"]
[EventRounds "6"]
[EventCountry "CAN"]

1. e4 e6 2. c4 e5 3. Nf3 Nc6 4. Nc3 Bb4 5. Nd5 d6 6. Nxb4 Nxb4 7. Qb3 Nc6 8. Be2 Nf6 9. d3 O-O 10. Bg5 Bg4 11. Qxb7 Na5 12. Qb5 c5 13. Bxf6 Qxf6 14. Qxa5 Bd7 15. Qd2 a5 16. O-O Qg6 17. Qg5 Qe6 18. Nh4 h6 19. Qg3 a4 20. Nf5 g6 21. Nxh6+ Kg7 22. Bg4 Qe8 23. Bxd7 Qxd7 24. Nf5+ Kg8 25. Ne3 a3 26. b3 Qc6 27. f4 exf4 28. Rxf4 Ra7 29. Nd5 Rb7 30. Qh3 Kg7 31. Raf1 Rg8 32. Nf6 Rd8 33. Qh7+ Kf8 34. Qh8+ Ke7 35. Nd5+ Kd7 36. Rxf7+ Kc8 37. Ne7+ Rxe7 38. Qf6 Re5 39. Ra7 Ree8 40. Qxg6 Qb6 41. Rff7 Qb4 42. Ra8+ Qb8 43. Qg4+ Rd7 44. Qxd7# 1-0

[Event "Abe Yanofsky mem."]
[Site "Winnipeg CAN"]
[Date "2004.09.06"]
[Round "6"]
[White "Baglien, Brandon"]
[Black "Bist, Kent"]
[Result "1/2-1/2"]
[WhiteElo "1644"]
[BlackElo "1550"]
[PlyCount "104"]
[GameId "2160767911069518"]
[EventDate "2004.09.04"]
[EventType "swiss"]
[EventRounds "6"]
[EventCountry "CAN"]

1. e4 c5 2. Nf3 Nc6 3. d4 cxd4 4. Nxd4 d6 5. Nc3 g6 6. Be3 Bg7 7. Qd2 a6 8. Bc4 e6 9. Bb3 Nge7 10. O-O-O O-O 11. h4 Nxd4 12. Bxd4 e5 13. Be3 Re8 14. h5 Be6 15. Bxe6 fxe6 16. hxg6 Nxg6 17. Bh6 Bf6 18. Kb1 Rc8 19. Qxd6 Qa5 20. Qd7 Rcd8 21. Qxb7 Qxc3 22. Qxh7+ Kxh7 23. Bd2+ Kg7 24. Bxc3 Rxd1+ 25. Rxd1 Rd8 26. Rxd8 Bxd8 27. g3 Kh6 28. f3 Kh5 29. a4 Bb6 30. Be1 Ne7 31. b4 Nc6 32. c3 a5 33. b5 Na7 34. c4 Nc8 35. Bc3 Nd6 36. c5 Bxc5 37. Bxa5 Kg6 38. Bc7 Kf7 39. Kc2 Ke8 40. Kb3 Kd7 41. b6 Kc6 42. g4 Bxb6 43. Bxb6 Kxb6 44. Kb4 Nf7 45. a5+ Ka6 46. Kc5 Kxa5 47. Kc6 Ng5 48. Kd6 Kb5 49. Kxe5 Nxf3+ 50. Kxe6 Kc5 51. e5 Kd4 52. Kf6 Nxe5 1/2-1/2

[Event "Abe Yanofsky mem."]
[Site "Winnipeg CAN"]
[Date "2004.09.06"]
[Round "6"]
[White "Bist, Jordan"]
[Black "Tetrault, Claude"]
[Result "0-1"]
[WhiteElo "1154"]
[BlackElo "1517"]
[PlyCount "28"]
[GameId "2160767911069519"]
[EventDate "2004.09.04"]
[EventType "swiss"]
[EventRounds "6"]
[EventCountry "CAN"]

1. c4 c5 2. Nc3 d6 3. d3 Nf6 4. g3 Nc6 5. Bg2 Qc7 6. e3 Bg4 7. Qd2 e6 8. h3 Bh5 9. g4 Bg6 10. Nb5 Qd7 11. Ne2 h6 12. Nbc3 Ne5 13. Bf1 Nf3+ 14. Kd1 Nxd2 0-1

[Event "Abe Yanofsky mem."]
[Site "Winnipeg CAN"]
[Date "2004.09.06"]
[Round "6"]
[White "Boron, Anthony"]
[Black "Costales, Servillano"]
[Result "1-0"]
[WhiteElo "1984"]
[BlackElo "1661"]
[PlyCount "123"]
[GameId "2160767911069520"]
[EventDate "2004.09.04"]
[EventType "swiss"]
[EventRounds "6"]
[EventCountry "CAN"]

1. e4 e6 2. d4 b6 3. Nf3 Bb7 4. Bd3 Nf6 5. Qe2 c5 6. c3 a6 7. O-O Be7 8. Bg5 h6 9. Bh4 c4 10. Bxc4 Nxe4 11. Bxe7 Qxe7 12. Nbd2 Nf6 13. Rfe1 O-O 14. Rad1 d6 15. Bb3 Nbd7 16. Nh4 Qd8 17. Nhf3 Nd5 18. a3 b5 19. Ne4 N7f6 20. Bc2 Rb8 21. Nfd2 Kh8 22. Nxf6 Qxf6 23. Ne4 Qd8 24. Qd3 g6 25. Qg3 Ba8 26. Nxd6 Qf6 27. Qe5 Kg7 28. Qxf6+ Nxf6 29. Ne4 Nd5 30. Nc5 Rbd8 31. Nxa6 Nf4 32. Be4 Nd5 33. Nb4 Nb6 34. Nc6 Rd6 35. Na7 Nc4 36. Nxb5 Rb6 37. b3 Rxb5 38. bxc4 Rb3 39. Rc1 Rxa3 40. Bxa8 Rfxa8 41. Rc2 Rb8 42. Kf1 Rc8 43. c5 Kf6 44. Rb1 Rc7 45. Ke2 Kf5 46. f3 e5 47. Rb5 f6 48. d5 Ra8 49. Ke3 h5 50. c6 Raa7 51. Rcb2 Ra3 52. R2b3 Raa7 53. Rb7 g5 54. Rxc7 Rxc7 55. Rb7 Rc8 56. c7 g4 57. d6 Ke6 58. Rb8 Kd7 59. Rxc8 Kxc8 60. Ke4 Kd7 61. Kf5 gxf3 62. gxf3 1-0

[Event "Abe Yanofsky mem."]
[Site "Winnipeg CAN"]
[Date "2004.09.06"]
[Round "6"]
[White "Cowdrey, Eric"]
[Black "Liebzeit, Mick"]
[Result "1/2-1/2"]
[WhiteElo "1751"]
[BlackElo "1353"]
[PlyCount "45"]
[GameId "2160767911069521"]
[EventDate "2004.09.04"]
[EventType "swiss"]
[EventRounds "6"]
[EventCountry "CAN"]

1. d4 Nf6 2. c4 g6 3. Nc3 Bg7 4. e4 d6 5. Nf3 O-O 6. Be2 e5 7. d5 Nbd7 8. O-O Nh5 9. b4 a5 10. b5 Nf4 11. Bxf4 exf4 12. Rc1 Ne5 13. Nxe5 Bxe5 14. Nb1 f5 15. Nd2 fxe4 16. Nxe4 Bf5 17. f3 b6 18. Nf2 Qh4 19. Bd3 Rae8 20. Be4 Re7 21. Qd3 Rg7 22. Rc2 g5 23. Rd2 1/2-1/2

[Event "Abe Yanofsky mem."]
[Site "Winnipeg CAN"]
[Date "2004.09.06"]
[Round "6"]
[White "Jarmasz, Mark"]
[Black "Lafreniere, Adrian"]
[Result "1-0"]
[WhiteElo "1915"]
[BlackElo "1782"]
[PlyCount "99"]
[GameId "2160767911069522"]
[EventDate "2004.09.04"]
[EventType "swiss"]
[EventRounds "6"]
[EventCountry "CAN"]

1. e4 e6 2. d4 d5 3. Nc3 Nf6 4. e5 Nfd7 5. Nce2 c5 6. c3 c4 7. f4 Nc6 8. Nf3 Be7 9. Be3 Nf8 10. Qc2 Bd7 11. h4 Ng6 12. g3 Bf8 13. h5 Nge7 14. g4 h6 15. Ng3 Qc7 16. Be2 a6 17. Kf2 Ng8 18. g5 Nce7 19. Nh4 O-O-O 20. b3 Bb5 21. b4 Be8 22. a4 b5 23. axb5 Bxb5 24. f5 Kb7 25. f6 Nc6 26. Rhf1 hxg5 27. fxg7 Bxg7 28. Bxg5 Rf8 29. Kg2 Bh6 30. Qd2 Bxg5 31. Qxg5 Qe7 32. Qg7 Nh6 33. Qf6 Rfg8 34. Kh3 Rh7 35. Rf4 Qf8 36. Rg1 Rgg7 37. Qxe6 fxe6 38. Rxf8 Rf7 39. Rf1 Rxf8 40. Rxf8 Rf7 41. Ng6 Rxf8 42. Nxf8 Ne7 43. Kh4 Ba4 44. Nxe6 Bc2 45. Kg5 Nhf5 46. Nxf5 Nxf5 47. h6 Ne3 48. Nf8 Bd3 49. h7 Bxh7 50. Nxh7 1-0